[Event "Spanish League of Honour"]
[Site "Linares"]
[Date "2017.08.17"]
[Round "4"]
[White "Ragger, Markus"]
[Black "Salgado Lopez, Ivan"]
[Result "1/2-1/2"]
[WhiteTitle "GM"]
[BlackTitle "GM"]
[WhiteElo "2656"]
[BlackElo "2627"]
[Board "3"]
[WhiteCountry "AUT"]
[WhiteFideId "1610856"]
[BlackCountry "ESP"]
[BlackFideId "2257327"]

1. e4 c5 2. Nf3 d6 3. d4 cxd4 4. Nxd4 Nf6 5. Nc3 a6 6. h3 Nc6 7. g4 Qb6 8.
Nb3 e6 9. Bg2 Qc7 10. O-O Be7 11. f4 b5 12. Re1 Bb7 13. Be3 O-O 14. Qd2 Nd7
15. Qf2 Rac8 16. Rad1 Rfe8 17. a3 Bf8 18. Ne2 Na5 19. Nxa5 Qxa5 20. c3 Qa4
21. Ng3 a5 22. Rd4 Qb3 23. Bf3 e5 24. Bd1 Qa2 25. Rd2 exf4 26. Qxf4 g6 27.
Bd4 Ne5 28. Rf1 Qe6 29. Rdf2 Re7 30. Qf6 Qxf6 31. Rxf6 Bg7 32. Bxe5 dxe5
33. Rb6 Bh6 1/2-1/2

[Event "Spanish League of Honour"]
[Site "Linares"]
[Date "2017.08.17"]
[Round "4"]
[White "Ganguly, Surya Shekhar"]
[Black "Jones, Gawain C B"]
[Result "0-1"]
[WhiteTitle "GM"]
[BlackTitle "GM"]
[WhiteElo "2658"]
[BlackElo "2660"]
[Board "4"]
[WhiteCountry "IND"]
[WhiteFideId "5002150"]
[WhiteEloChange "-5"]
[BlackCountry "ENG"]
[BlackFideId "409561"]
[BlackEloChange "5"]

1. e4 e5 2. Nf3 Nc6 3. Bc4 Bc5 4. c3 Nf6 5. d3 d6 6. a4 a6 7. O-O Ba7 8.
Re1 O-O 9. h3 Ne7 10. Nbd2 Ng6 11. d4 c6 12. b4 exd4 13. cxd4 d5 14. Bd3
dxe4 15. Nxe4 Nd5 16. Qb3 Re8 17. Bg5 Qc7 18. Nc5 Rxe1+ 19. Rxe1 Bxc5 20.
dxc5 Be6 21. Nd4 Ndf4 22. Bxf4 Nxf4 23. Nxe6 Nxe6 24. Bc4 Nf8 25. Qe3 Rc8
26. a5 h6 27. h4 Ng6 28. Qe4 Kf8 29. Re3 Rd8 30. g3 Qe7 31. Qf3 Qf6 32. Qe2
Ne7 33. Rf3 Nf5 34. Kh2 Rd7 35. Qe4 g6 36. h5 Qd4 37. Qe2 Re7 38. Qd3 Re4
39. hxg6 fxg6 40. Qxd4 Rxd4 41. Be6 Rxb4 42. Bc8 Kg7 43. g4 Nd4 44. Rd3 Nb3
45. Rd7+ Kf6 46. Rxb7 Rxb7 47. Bxb7 Nxa5 48. Bxa6 g5 49. Kg3 Ke5 50. Bf1
Kd4 51. f4 Kxc5 52. f5 Kd5 53. Kf2 Ke5 54. Ke3 c5 55. Kd3 Nc6 56. Bg2 Ne7
57. Kc4 Kd6 58. Bf3 Ng8 59. Bd5 Nf6 60. Bf3 h5 61. gxh5 g4 62. Bb7 Nxh5 63.
Kd3 Nf6 64. Kc4 Nd7 65. Kb5 Ke5 66. Bc6 g3 67. Kc4 Kf4 68. Kb5 c4 69. f6
Nxf6 0-1

[Event "Spanish League of Honour"]
[Site "Linares"]
[Date "2017.08.17"]
[Round "4"]
[White "Edouard, Romain"]
[Black "Cori, Jorge"]
[Result "1/2-1/2"]
[WhiteTitle "GM"]
[BlackTitle "GM"]
[WhiteElo "2624"]
[BlackElo "2641"]
[Board "5"]
[WhiteCountry "FRA"]
[WhiteFideId "633429"]
[BlackCountry "PER"]
[BlackFideId "3802272"]

1. e4 e6 2. d4 d5 3. Nc3 Nf6 4. Bg5 dxe4 5. Nxe4 Nbd7 6. Nf3 Be7 7. Nxf6+
Bxf6 8. Bxf6 Nxf6 9. Bd3 O-O 10. Qe2 b6 11. O-O Bb7 12. c3 a6 13. Rfd1 Qd5
14. Bc4 Qh5 15. Ne5 Qxe2 16. Bxe2 Rfd8 17. Bf3 Bxf3 18. Nxf3 Nd5 19. Ne5 f6
20. Nc4 Kf7 21. Kf1 g5 22. Ne3 h5 23. Rd2 c6 24. Rad1 b5 25. Nxd5 cxd5 26.
Ke2 Rab8 27. a3 Rdc8 28. Kd3 a5 29. Rc2 Rc6 30. Re1 h4 31. g4 Rbc8 32. f3
Ke7 33. h3 Kd6 34. Rce2 Kd7 35. Ra1 Rc4 36. Rae1 R8c6 37. Ra1 b4 38. axb4
axb4 39. Ra7+ Kd6 40. Rc2 e5 41. Rf7 Ke6 42. Rb7 bxc3 43. bxc3 exd4 44.
Re2+ Kd6 45. cxd4 Rc3+ 46. Kd2 Rc2+ 47. Ke3 Rxe2+ 48. Kxe2 Rc2+ 49. Ke3 Rh2
50. Rb6+ Ke7 51. Rb7+ Ke6 52. Rb6+ Kf7 53. Rb7+ Kg6 54. Rd7 Rxh3 55. Rxd5
Rh2 56. Rd8 Ra2 57. d5 Ra3+ 58. Ke4 Ra4+ 59. Ke3 Rb4 60. Rd7 Rb3+ 61. Kf2
Rd3 62. Kg2 Rd2+ 63. Kg1 h3 64. d6 Rg2+ 65. Kh1 Rd2 66. Kg1 f5 67. gxf5+
Kxf5 68. Rh7 Kf4 69. Rxh3 Rxd6 70. Kg2 Rd2+ 71. Kg1 Rb2 72. Kf1 Rb3 73. Kg2
Ra3 74. Rh8 Ra2+ 75. Kh3 Kxf3 76. Rf8+ Ke4 1/2-1/2

[Event "Spanish League of Honour"]
[Site "Linares"]
[Date "2017.08.17"]
[Round "4"]
[White "Ubilava, Elizbar"]
[Black "Del Rio De Angelis, Salvador G."]
[Result "0-1"]
[WhiteTitle "GM"]
[BlackTitle "GM"]
[WhiteElo "2498"]
[BlackElo "2511"]
[Board "6"]
[WhiteCountry "ESP"]
[WhiteFideId "13600052"]
[WhiteEloChange "-5"]
[BlackCountry "ESP"]
[BlackFideId "2203138"]
[BlackEloChange "5"]

1. Nf3 e6 2. g3 b5 3. Bg2 Bb7 4. O-O Nf6 5. d3 c5 6. e4 d6 7. a4 b4 8. Nbd2
Be7 9. Nc4 O-O 10. e5 Ne8 11. Re1 Nd7 12. a5 Rc8 13. exd6 Nxd6 14. Nfd2
Bxg2 15. Kxg2 Nb8 16. Nxd6 Qxd6 17. Nc4 Qd5+ 18. Qf3 Nc6 19. Qxd5 exd5 20.
Ne3 Rfd8 21. b3 Bf6 22. Ra2 Bc3 23. Rd1 a6 24. Bd2 g6 25. h4 h5 26. Kf1 Rd6
27. Ng2 Re8 28. Be3 d4 29. Bd2 Rde6 30. Nf4 Re5 31. Ng2 f6 32. Bf4 R5e6 33.
Bd2 Kf7 34. Bc1 Na7 35. Bf4 Nb5 36. Bc1 Nc7 37. Bf4 Nd5 38. Bc1 R8e7 39.
Ra4 Re2 40. Ra2 R2e6 41. Ra4 Re5 42. Ra2 Re8 43. Ra4 g5 44. Ra2 Kg6 45. Kg1
Re2 46. Rf1 Kf5 47. Kh2 Kg4 48. f3+ Kf5 49. Kg1 Ne3 50. Rf2 Rxf2 0-1

[Event "Spanish League of Honour"]
[Site "Linares"]
[Date "2017.08.17"]
[Round "4"]
[White "Vega Gutierrez, Sabrina"]
[Black "Garcia Vicente, Nieves"]
[Result "1-0"]
[WhiteTitle "IM"]
[BlackTitle "WIM"]
[WhiteElo "2369"]
[BlackElo "2137"]
[Board "7"]
[WhiteCountry "ESP"]
[WhiteFideId "2219026"]
[WhiteEloChange "4"]
[BlackCountry "ESP"]
[BlackFideId "2201542"]
[BlackEloChange "-4"]

1. Nf3 d5 2. c4 e6 3. e3 Nf6 4. b3 Bd6 5. Bb2 O-O 6. Nc3 c6 7. Qc2 Qe7 8.
Be2 e5 9. cxd5 Nxd5 10. Ne4 Bf5 11. d3 Bb4+ 12. Nfd2 Nd7 13. O-O Rfe8 14.
a3 Ba5 15. b4 Bc7 16. Nb3 Bg6 17. Ng3 Bb6 18. e4 Nf4 19. Bg4 Ne6 20. Bxe6
Qxe6 21. a4 a6 22. a5 Ba7 23. Rfe1 Qd6 24. Ba3 Qf6 25. Bc1 h5 26. h3 Qe7
27. Qc3 c5 28. bxc5 Nxc5 29. Ba3 Na4 30. Qc4 Qd7 31. Bc1 b5 32. axb6 Nxb6
33. Qxa6 Nd5 34. Qc4 Nf4 35. Bxf4 exf4 36. Nf5 Rac8 37. Qa4 Qxd3 38. Red1
1-0

[Event "Spanish League of Honour"]
[Site "Linares"]
[Date "2017.08.17"]
[Round "4"]
[White "Banusz, Tamas"]
[Black "Ponomariov, Ruslan"]
[Result "1-0"]
[WhiteTitle "GM"]
[BlackTitle "GM"]
[WhiteElo "2611"]
[BlackElo "2692"]
[Board "1"]
[WhiteCountry "HUN"]
[WhiteFideId "722413"]
[WhiteEloChange "6"]
[BlackCountry "UKR"]
[BlackFideId "14103320"]
[BlackEloChange "-6"]

1. Nf3 d5 2. g3 g6 3. Bg2 Bg7 4. d4 Nf6 5. c4 dxc4 6. Na3 O-O 7. Nxc4 Nc6
8. O-O Be6 9. b3 Bd5 10. Bb2 a5 11. a4 Ne8 12. e3 Nd6 13. Qe2 Nb4 14. Rfd1
Be4 15. Rac1 Na2 16. Ra1 Nb4 17. Ne1 Bxg2 18. Kxg2 Qd7 19. Ba3 Qc6+ 20. Nf3
Qd5 21. Rac1 Ne4 22. Kg1 Qh5 23. Ncd2 Nxd2 24. Rxd2 c6 25. Bxb4 axb4 26.
Rc5 Qg4 27. Rc4 b5 28. axb5 cxb5 29. Rxb4 Rfb8 30. Kg2 Qd7 31. Rd1 Ra5 32.
d5 Bc3 33. Rf4 b4 34. e4 e6 35. Ng5 Qe7 36. h4 Bf6 37. d6 Qd8 38. Nxf7 1-0

[Event "Spanish League of Honour"]
[Site "Linares"]
[Date "2017.08.17"]
[Round "4"]
[White "Erdos, Viktor"]
[Black "Kuzubov, Yuriy"]
[Result "1/2-1/2"]
[WhiteTitle "GM"]
[BlackTitle "GM"]
[WhiteElo "2628"]
[BlackElo "2652"]
[Board "2"]
[WhiteCountry "HUN"]
[WhiteFideId "719978"]
[BlackCountry "UKR"]
[BlackFideId "14112906"]

1. Nf3 d5 2. d4 Nf6 3. c4 e6 4. Nc3 a6 5. cxd5 exd5 6. Qb3 Be7 7. Bg5 c6 8.
e3 O-O 9. Bd3 Nbd7 10. O-O Re8 11. Rfe1 h6 12. Bh4 Ne4 13. Bxe7 Qxe7 14.
Rac1 Ndf6 15. Ne5 Ng4 16. Bxe4 dxe4 17. Nxe4 Nxe5 18. dxe5 Qxe5 19. Nc5 Qc7
20. Red1 b6 21. Na4 Rb8 22. Qc2 c5 23. b4 c4 24. Rd4 Be6 25. Nc3 Qe7 26.
Qa4 a5 27. b5 Qg5 28. h4 Qg6 29. Qd1 Rec8 30. Rd6 Qf6 31. Qd4 Qxd4 32. Rxd4
Kf8 33. Rcd1 Ke7 34. f3 Rd8 35. Kf2 Rxd4 36. Rxd4 g5 37. hxg5 hxg5 38. e4
Rc8 39. Ke3 Rc5 40. Rd1 f5 41. Rh1 fxe4 42. fxe4 Rc8 43. Kd4 Rd8+ 44. Nd5+
Bxd5 45. exd5 c3 46. Rh7+ Kf6 47. Rc7 Rh8 48. Rc6+ Kf5 49. Kxc3 Rh2 50.
Rxb6 Rxg2 51. Rh6 Rg1 52. d6 Rc1+ 53. Kd2 Rc5 54. a4 Ke5 55. Ke3 Rc3+ 56.
Ke2 Rc2+ 57. Kf3 Rd2 58. Ke3 Rd1 59. Rg6 Kf5 60. Rh6 Ke5 61. Rh8 Rxd6 62.
Ra8 Kd5 63. Rxa5 Rf6 64. Ra8 Kc5 65. Re8 Kb4 66. Re4+ Ka5 67. Rg4 Rd6 68.
Ke4 Rf6 69. Ke5 Rf8 70. Kd6 Rf6+ 71. Ke5 Rf8 72. Rc4 Rf7 73. Rd4 Rf8 74.
Rg4 Rf7 75. Rxg5 Kxa4 76. b6 Rb7 77. Rg6 Kb5 78. Kd5 Rxb6 79. Rxb6+ Kxb6
80. Ke4 1/2-1/2

[Event "Spanish League of Honour"]
[Site "Linares"]
[Date "2017.08.17"]
[Round "4"]
[White "Baklan, Vladimir"]
[Black "Movsesian, Sergei"]
[Result "1/2-1/2"]
[WhiteTitle "GM"]
[BlackTitle "GM"]
[WhiteElo "2601"]
[BlackElo "2677"]
[Board "3"]
[WhiteCountry "UKR"]
[WhiteFideId "14102196"]
[WhiteEloChange "1"]
[BlackCountry "ARM"]
[BlackFideId "310204"]
[BlackEloChange "-1"]

1. e4 c5 2. Nf3 e6 3. d4 cxd4 4. Nxd4 Nc6 5. Nc3 a6 6. g3 d6 7. Bg2 Bd7 8.
O-O Nf6 9. Nce2 Rc8 10. a4 Qc7 11. c3 Be7 12. b3 O-O 13. c4 Rfd8 14. Bb2
Be8 15. Rc1 Qb6 16. Qc2 Nd7 17. Bc3 Nc5 18. Nxc6 Bxc6 19. Rb1 Qc7 20. a5
Be8 21. Nf4 Nd7 22. Rfd1 Nf6 23. Qe2 Bc6 24. Ra1 Qb8 25. Nh5 Nxh5 26. Qxh5
e5 27. Bd2 Re8 28. Be3 Bd7 29. Qe2 Be6 30. Bf3 Qc7 31. Bg4 Qc6 32. Bxe6
fxe6 33. Qg4 Bf8 34. Bb6 Re7 35. Rd3 Rce8 36. Rad1 Rf7 37. Rf3 Rxf3 38.
Qxf3 Rc8 39. h4 Qe8 40. h5 Qf7 41. Qg4 Be7 42. Kg2 Rf8 43. f3 Rc8 44. Rd3
Bf8 1/2-1/2

[Event "Spanish League of Honour"]
[Site "Linares"]
[Date "2017.08.17"]
[Round "4"]
[White "Grandelius, Nils"]
[Black "Forcen Esteban, Daniel"]
[Result "1-0"]
[WhiteTitle "GM"]
[BlackTitle "GM"]
[WhiteElo "2644"]
[BlackElo "2535"]
[Board "4"]
[WhiteCountry "SWE"]
[WhiteFideId "1710400"]
[WhiteEloChange "3"]
[BlackCountry "ESP"]
[BlackFideId "2288230"]
[BlackEloChange "-3"]

1. e4 c5 2. Nf3 d6 3. d4 cxd4 4. Nxd4 Nf6 5. Nc3 a6 6. Be2 e6 7. f4 Qc7 8.
g4 b5 9. g5 Nfd7 10. a3 Nc6 11. Be3 Bb7 12. f5 Nc5 13. fxe6 fxe6 14. O-O
O-O-O 15. Nxe6 Nxe6 16. Nd5 Qb8 17. Rf7 1-0

[Event "Spanish League of Honour"]
[Site "Linares"]
[Date "2017.08.17"]
[Round "4"]
[White "Shevchenko, Kirill"]
[Black "Mchedlishvili, Mikheil"]
[Result "1/2-1/2"]
[WhiteTitle "IM"]
[BlackTitle "GM"]
[WhiteElo "2527"]
[BlackElo "2590"]
[Board "5"]
[WhiteCountry "UKR"]
[WhiteFideId "14129574"]
[WhiteEloChange "1"]
[BlackCountry "GEO"]
[BlackFideId "13600966"]
[BlackEloChange "-1"]

1. e4 d6 2. d4 Nf6 3. Nc3 g6 4. f4 Bg7 5. Nf3 O-O 6. e5 dxe5 7. fxe5 Nd5 8.
Bc4 Nxc3 9. bxc3 c5 10. O-O Bg4 11. h3 Bxf3 12. Rxf3 Nc6 13. Be3 Qa5 14.
Bf2 Rad8 15. Qf1 e6 16. Bb5 cxd4 17. Bxc6 bxc6 18. cxd4 c5 19. c3 cxd4 20.
cxd4 Rd7 21. Rb3 f6 22. Qc4 Qd5 23. Qxd5 Rxd5 24. exf6 Bxf6 25. Re1 Bxd4
26. Bxd4 Rxd4 27. Rxe6 Ra4 28. a3 Rf7 29. Kh2 Kg7 30. Ree3 Ra5 1/2-1/2

[Event "Spanish League of Honour"]
[Site "Linares"]
[Date "2017.08.17"]
[Round "4"]
[White "Ibarra Jerez, Jose Carlos"]
[Black "Quintin Navarro, Alberto"]
[Result "0-1"]
[WhiteTitle "GM"]
[BlackTitle "FM"]
[WhiteElo "2569"]
[BlackElo "2357"]
[Board "6"]
[WhiteCountry "ESP"]
[WhiteFideId "2226332"]
[WhiteEloChange "-8"]
[BlackCountry "ESP"]
[BlackFideId "2292688"]
[BlackEloChange "15"]

1. e4 e5 2. Nf3 Nc6 3. d4 exd4 4. Nxd4 Bc5 5. Nb3 Bb6 6. Nc3 d6 7. Qe2 Be6
8. Be3 Nf6 9. O-O-O O-O 10. f3 Nd7 11. f4 a5 12. Nd2 Re8 13. Bxb6 Nxb6 14.
Qf2 a4 15. a3 Na5 16. Bd3 Bc4 17. Nxc4 Naxc4 18. e5 Na5 19. exd6 cxd6 20.
g4 Rc8 21. g5 Rxc3 22. bxc3 Qc7 23. Rhe1 Rc8 24. Qd4 Nc6 25. Qe3 g6 26. Bf1
Na5 27. Qd4 Nac4 28. Bxc4 Nxc4 29. Re4 Nxa3 30. Rde1 Qc6 31. Re7 Nc4 32.
Qe4 Qc5 33. Kd1 Qf2 34. Qd4 Qf3+ 35. Kc1 Qc6 36. Qa7 a3 37. Rxb7 a2 38. Rb4
Ra8 39. Rb8+ Rxb8 40. Qxb8+ Kg7 41. Qa7 Qd5 42. Rd1 Na5 0-1

[Event "Spanish League of Honour"]
[Site "Linares"]
[Date "2017.08.17"]
[Round "4"]
[White "Rudolf, Anna"]
[Black "Gil Quilez, Sonia"]
[Result "1-0"]
[WhiteTitle "IM"]
[BlackTitle "WFM"]
[WhiteElo "2260"]
[BlackElo "2057"]
[Board "7"]
[WhiteCountry "HUN"]
[WhiteFideId "722855"]
[WhiteEloChange "5"]
[BlackCountry "ESP"]
[BlackFideId "2263980"]
[BlackEloChange "-5"]

1. e4 e5 2. Bc4 Nc6 3. Nc3 Nf6 4. d3 Bb4 5. Ne2 d5 6. exd5 Nxd5 7. O-O Nxc3
8. Nxc3 O-O 9. Qh5 Qd7 10. Nd5 Bd6 11. f4 e4 12. dxe4 Nb4 13. Nxb4 Bxb4 14.
Bd3 Qd4+ 15. Kh1 Be6 16. f5 Bc4 17. f6 Rfe8 18. Qg5 g6 19. Be3 Qxb2 20.
Bxc4 Qxc2 21. Bxf7+ Kxf7 22. Qd5+ 1-0

[Event "Spanish League of Honour"]
[Site "Linares"]
[Date "2017.08.17"]
[Round "4"]
[White "Bacrot, Etienne"]
[Black "Iturrizaga Bonelli, Eduardo"]
[Result "1/2-1/2"]
[WhiteTitle "GM"]
[BlackTitle "GM"]
[WhiteElo "2715"]
[BlackElo "2662"]
[Board "1"]
[WhiteCountry "FRA"]
[WhiteFideId "605506"]
[WhiteEloChange "-1"]
[BlackCountry "VEN"]
[BlackFideId "3901211"]
[BlackEloChange "1"]

1. e4 c5 2. Nf3 Nc6 3. d4 cxd4 4. Nxd4 g6 5. c4 Bg7 6. Be3 Qb6 7. Nb3 Qd8
8. Qd2 Nf6 9. Nc3 O-O 10. Be2 d6 11. O-O a5 12. Nd4 a4 13. Ndb5 Qa5 14. f3
Be6 15. Rab1 Nd7 16. Rfd1 Rfc8 17. b3 axb3 18. axb3 Nc5 19. Qb2 Qb4 20. Qc2
Qa5 21. Qb2 Qb4 22. Qc2 Qa5 1/2-1/2

[Event "Spanish League of Honour"]
[Site "Linares"]
[Date "2017.08.17"]
[Round "4"]
[White "Van Wely, Loek"]
[Black "Bachmann, Axel"]
[Result "1/2-1/2"]
[WhiteTitle "GM"]
[BlackTitle "GM"]
[WhiteElo "2646"]
[BlackElo "2648"]
[Board "3"]
[WhiteCountry "NED"]
[WhiteFideId "1000268"]
[BlackCountry "PAR"]
[BlackFideId "3700488"]

1. d4 Nf6 2. c4 e6 3. Nf3 Bb4+ 4. Nbd2 O-O 5. a3 Be7 6. e4 d6 7. Be2 e5 8.
dxe5 dxe5 9. Nxe5 Re8 10. Nef3 Nc6 11. O-O a5 12. b3 Bc5 13. Bb2 Nxe4 14.
Nxe4 Qxd1 15. Raxd1 Rxe4 16. Bd3 Re8 17. Rfe1 Bg4 18. Be4 Rad8 19. Rxd8
Rxd8 20. h3 Bd7 21. Ne5 Nxe5 22. Bxe5 Re8 23. Bxb7 Bxa3 24. Rd1 Rxe5 25.
Rxd7 Re1+ 26. Kh2 Bd6+ 27. g3 Kf8 28. Bd5 Re7 29. Rd8+ Re8 30. Rd7 Re7
1/2-1/2

[Event "Spanish League of Honour"]
[Site "Linares"]
[Date "2017.08.17"]
[Round "4"]
[White "Mareco, Sandro"]
[Black "Velten, Paul"]
[Result "1-0"]
[WhiteTitle "GM"]
[BlackTitle "IM"]
[WhiteElo "2650"]
[BlackElo "2459"]
[Board "4"]
[WhiteCountry "ARG"]
[WhiteFideId "112275"]
[WhiteEloChange "2"]
[BlackCountry "FRA"]
[BlackFideId "681091"]
[BlackEloChange "-2"]

1. Nf3 Nf6 2. c4 e6 3. g3 a6 4. b3 d5 5. Bg2 Bd6 6. O-O b6 7. Bb2 Bb7 8.
cxd5 exd5 9. d4 O-O 10. Nc3 Nbd7 11. Rc1 Re8 12. e3 Qe7 13. Ne2 Ne4 14. Nf4
Rad8 15. Qc2 f6 16. Nd2 f5 17. Nf3 Rc8 18. Rfd1 g5 19. Nd3 c5 20. dxc5 bxc5
21. Ba3 Ndf6 22. Nd2 a5 23. Nf1 d4 24. Bb2 g4 25. Nf4 Ba6 26. exd4 cxd4 27.
Qb1 Bxf4 28. Rxc8 Rxc8 29. gxf4 Nxf2 30. Rxd4 N6e4 31. Ne3 Nc3 32. Nxf5 Qe2
33. Bxc3 Rxc3 34. Nh6+ Kg7 35. Rd7+ Kxh6 36. Qxh7# 1-0

[Event "Spanish League of Honour"]
[Site "Linares"]
[Date "2017.08.17"]
[Round "4"]
[White "Franco Alonso, Alejandro"]
[Black "Santos Ruiz, Miguel"]
[Result "1/2-1/2"]
[WhiteTitle "IM"]
[BlackTitle "IM"]
[WhiteElo "2434"]
[BlackElo "2490"]
[Board "5"]
[WhiteCountry "ESP"]
[WhiteFideId "2214067"]
[WhiteEloChange "1"]
[BlackCountry "ESP"]
[BlackFideId "22291482"]
[BlackEloChange "-1"]

1. d4 Nf6 2. c4 e6 3. Nf3 d5 4. Nc3 Nbd7 5. Bg5 c6 6. e3 Qa5 7. Nd2 Bb4 8.
Qc2 dxc4 9. Bxf6 Nxf6 10. Nxc4 Qc7 11. a3 Be7 12. Be2 O-O 13. b4 b6 14. O-O
Ba6 15. Rfc1 Rfd8 16. Ne5 Bxe2 17. Nxe2 c5 18. bxc5 bxc5 19. Nd3 Rac8 20.
h3 Nd7 21. Qa4 c4 22. Nb4 Nb6 23. Qa5 Nd5 24. Qxc7 Rxc7 25. Na6 Rc6 26. Nc5
Bxc5 27. Rxc4 Bxd4 28. Rxd4 Rb8 29. e4 Nc3 30. Nxc3 Rxc3 1/2-1/2

[Event "Spanish League of Honour"]
[Site "Linares"]
[Date "2017.08.17"]
[Round "4"]
[White "Castellanos Rodriguez, Renier"]
[Black "Shvayger, Yuliya"]
[Result "0-1"]
[WhiteTitle "IM"]
[BlackTitle "WGM"]
[WhiteElo "2487"]
[BlackElo "2438"]
[Board "6"]
[WhiteCountry "ESP"]
[WhiteFideId "3404650"]
[WhiteEloChange "-6"]
[BlackCountry "ISR"]
[BlackFideId "14100126"]
[BlackEloChange "6"]

1. c4 e5 2. Nc3 Nf6 3. Nf3 Nc6 4. e3 Be7 5. a3 O-O 6. Qc2 Re8 7. Be2 Bf8 8.
d3 d5 9. cxd5 Nxd5 10. Ne4 Nf6 11. b4 Nxe4 12. dxe4 Bd6 13. Bb2 a5 14. b5
Nb8 15. Nd2 Qg5 16. Bf3 Nd7 17. O-O Nb6 18. a4 Be6 19. Rfd1 Rec8 20. Be2 c6
21. Qd3 Qe7 22. bxc6 bxc6 23. Qc2 f6 24. Bc3 Rcb8 25. Rdb1 Qf7 26. h3 Kh8
27. Rb2 Qc7 28. Rab1 Ba3 29. Ra2 Bxa2 30. Qxa2 Bf8 31. Rc1 Qd6 32. Qc2 Qd8
33. Qa2 Bd6 34. Bg4 Qe7 35. Nb3 Ba3 36. Rc2 Bb4 37. Bxb4 Qxb4 38. Nc5 Nc8
39. Qe6 Nb6 40. Qa2 Nc8 41. Qe6 Qb1+ 42. Kh2 Nb6 43. Rc3 Qb4 44. Rc2 Nxa4
45. Nd7 Rd8 46. Rc4 Qa3 47. Qf5 Qd6 48. Rxa4 Ra7 49. Nb6 Qc5 50. Nc4 Qb5
51. Bd1 Qb1 52. Rxa5 Rxa5 53. Nxa5 Qxd1 54. Nxc6 Re8 55. Ne7 Qd6 56. Nd5
Qe6 57. Qf3 Rd8 58. g4 Rc8 59. h4 Rf8 60. h5 Kg8 61. Kg3 g6 62. hxg6 hxg6
63. Qh1 Kg7 64. Qc1 f5 65. g5 fxe4 66. Nf6 Qf5 0-1

[Event "Spanish League of Honour"]
[Site "Linares"]
[Date "2017.08.17"]
[Round "4"]
[White "Buiza Prieto, Eihartze"]
[Black "Sgircea, Silvia-Raluca"]
[Result "1/2-1/2"]
[WhiteTitle "WFM"]
[BlackTitle "WIM"]
[WhiteElo "2099"]
[BlackElo "2246"]
[Board "7"]
[WhiteCountry "ESP"]
[WhiteFideId "22250220"]
[WhiteEloChange "4"]
[BlackCountry "ROU"]
[BlackFideId "1213776"]
[BlackEloChange "-4"]

1. e4 c5 2. Nf3 Nc6 3. d4 cxd4 4. Nxd4 g6 5. Nc3 Bg7 6. Nde2 Nf6 7. g3 b5
8. Bg2 Rb8 9. O-O O-O 10. Re1 d6 11. h3 Nd7 12. Nd5 Nc5 13. c3 Ne5 14. Nd4
Bd7 15. Re2 e6 16. Nf4 Qc7 17. b3 Rfc8 18. Bb2 a5 19. Nf3 Nxf3+ 20. Bxf3
Bc6 21. Bg2 a4 22. Nd3 Nd7 23. Rc1 Nb6 24. Nb4 Bb7 25. Rcc2 Rd8 26. Red2
Rbc8 27. Qe2 Bc6 28. Nxc6 Qxc6 29. Bf1 axb3 30. axb3 Rb8 31. Qxb5 Qxe4 32.
Qd3 Qxd3 33. Rxd3 Nd5 34. b4 Rdc8 35. Rdd2 Bxc3 36. Rxd5 Bxb2 37. Rxc8+
Rxc8 38. Rxd6 Ba3 39. Rd4 Rc2 40. Re4 Rb2 41. b5 Bc5 42. Be2 Bb6 43. h4 Kf8
44. Kf1 Rb1+ 45. Kg2 Rb2 46. g4 h6 47. Kf3 Rb3+ 48. Kg2 Rb2 49. f4 Ke7 50.
g5 hxg5 51. hxg5 f5 52. gxf6+ Kxf6 53. Kf3 Rb3+ 54. Kg4 Re3 55. Bf3 Rxe4
56. Bxe4 e5 57. Bxg6 exf4 58. Be4 Ke5 59. Kf3 1/2-1/2

[Event "Spanish League of Honour"]
[Site "Linares"]
[Date "2017.08.17"]
[Round "4"]
[White "Areshchenko, Alexander"]
[Black "Jobava, Baadur"]
[Result "0-1"]
[WhiteTitle "GM"]
[BlackTitle "GM"]
[WhiteElo "2652"]
[BlackElo "2687"]
[Board "1"]
[WhiteCountry "UKR"]
[WhiteFideId "14109530"]
[WhiteEloChange "-4"]
[BlackCountry "GEO"]
[BlackFideId "13601520"]
[BlackEloChange "4"]

1. e4 e5 2. Nf3 Nc6 3. Bc4 Be7 4. O-O Nf6 5. d3 O-O 6. Re1 d6 7. a3 h6 8.
h3 Re8 9. Nbd2 Bf8 10. Nf1 Ne7 11. Ng3 c6 12. c3 Ng6 13. d4 d5 14. exd5 e4
15. Ne5 cxd5 16. Nxg6 fxg6 17. Ba2 Be6 18. Bf4 g5 19. Be5 Nd7 20. Nf1 Qb6
21. Ne3 Nxe5 22. Nxd5 Bxd5 23. Bxd5+ Nf7 24. Qc2 Rad8 25. Rxe4 Rxe4 26.
Qxe4 Qxb2 27. Rb1 Qxc3 28. Qf5 Rxd5 29. Qxd5 b6 30. a4 g6 31. Qd7 Bb4 32.
Qxa7 Qxd4 33. Qa6 Bc5 34. Rf1 Qd2 35. Qa8+ Kg7 36. Qe4 h5 37. Kh1 Qf4 38.
Qc6 g4 39. a5 gxh3 40. axb6 hxg2+ 41. Kxg2 Ne5 0-1

[Event "Spanish League of Honour"]
[Site "Linares"]
[Date "2017.08.17"]
[Round "4"]
[White "Rakhmanov, Aleksandr"]
[Black "Laznicka, Viktor"]
[Result "1-0"]
[WhiteTitle "GM"]
[BlackTitle "GM"]
[WhiteElo "2663"]
[BlackElo "2664"]
[Board "2"]
[WhiteCountry "RUS"]
[WhiteFideId "4173708"]
[WhiteEloChange "5"]
[BlackCountry "CZE"]
[BlackFideId "316385"]
[BlackEloChange "-5"]

1. Nf3 f5 2. g3 Nf6 3. Bg2 g6 4. O-O Bg7 5. d4 O-O 6. b3 d6 7. Bb2 c6 8.
Nbd2 a5 9. a4 Na6 10. Nc4 Nb4 11. Ne1 Be6 12. Nd3 Bd5 13. f3 Qc7 14. Qd2
Nxd3 15. Qxd3 Bf7 16. e3 b5 17. Nd2 Nd5 18. c3 bxa4 19. Rxa4 Nb6 20. Raa1
c5 21. c4 a4 22. f4 Ra7 23. dxc5 Qxc5 24. Bxg7 Kxg7 25. bxa4 Rxa4 26. Rxa4
Nxa4 27. Rb1 Kg8 28. Rb7 e5 29. h4 e4 30. Bxe4 Re8 31. g4 Nb6 32. Kf2 fxe4
33. Nxe4 Qc6 34. Nf6+ Kf8 35. Rxb6 1-0

[Event "Spanish League of Honour"]
[Site "Linares"]
[Date "2017.08.17"]
[Round "4"]
[White "Demchenko, Anton"]
[Black "Safarli, Eltaj"]
[Result "1/2-1/2"]
[WhiteTitle "GM"]
[BlackTitle "GM"]
[WhiteElo "2645"]
[BlackElo "2633"]
[Board "3"]
[WhiteCountry "RUS"]
[WhiteFideId "4160258"]
[BlackCountry "AZE"]
[BlackFideId "13402129"]

1. e4 c5 2. Nf3 d6 3. Bb5+ Nc6 4. O-O Bd7 5. Re1 Nf6 6. c3 a6 7. Bf1 Bg4 8.
h3 Bxf3 9. Qxf3 e6 10. d3 Be7 11. Be3 O-O 12. Qg3 Nh5 13. Qg4 Nf6 14. Qg3
Nh5 15. Qg4 Nf6 16. Qg3 1/2-1/2